| 000 | 01553nam a2200385Ia 4500 | ||
|---|---|---|---|
| 001 | ebr10622325 | ||
| 003 | CaPaEBR | ||
| 006 | m u | ||
| 007 | cr cn||||||||| | ||
| 008 | 110902s2012 nyu sb s001 0 eng d | ||
| 010 | _z 2011036271 | ||
| 020 | _z9781438443133 | ||
| 020 | _z9781438443157 | ||
| 040 |
_aCaPaEBR _cCaPaEBR |
||
| 035 | _a(OCoLC)817565601 | ||
| 041 | 0 |
_aeng _achi |
|
| 043 | _aa-cc--- | ||
| 050 | 1 | 4 |
_aML3917.C6 _bB75 2012eb |
| 100 | 1 |
_aBrindley, Erica, _d1971- |
|
| 245 | 1 | 0 |
_aMusic, cosmology, and the politics of harmony in early China _h[electronic resource] / _cErica Fox Brindley. |
| 260 |
_aAlbany : _bState University of New York Press, _cc2012. |
||
| 300 | _axi, 225 p. | ||
| 440 | 0 | _aSUNY series in Chinese philosophy and culture | |
| 504 | _aIncludes bibliographical references and index. | ||
| 533 |
_aElectronic reproduction. _bPalo Alto, Calif. : _cebrary, _d2011. _nAvailable via World Wide Web. _nAccess may be limited to ebrary affiliated libraries. |
||
| 650 | 0 |
_aMusic _xPolitical aspects _zChina _xHistory. |
|
| 650 | 0 |
_aMusic _xSocial aspects _zChina _xHistory. |
|
| 650 | 0 |
_aMusic _xPhilosophy and aesthetics. |
|
| 651 | 0 |
_aChina _xHistory _yZhou dynasty, 1122-221 B.C. |
|
| 651 | 0 |
_aChina _xHistory _yQin dynasty, 221-207 B.C. |
|
| 651 | 0 |
_aChina _xHistory _yHan dynasty, 202 B.C.-220 A.D. |
|
| 655 | 7 |
_aElectronic books. _2local |
|
| 710 | 2 | _aebrary, Inc. | |
| 856 | 4 | 0 |
_uhttp://site.ebrary.com/lib/rucke/Doc?id=10622325 _zAn electronic book accessible through the World Wide Web; click to view |
| 999 |
_c56180 _d56180 |
||